000 01173nam a22002417a 4500
999 _c5920
_d5920
005 20251125232804.0
008 s2540 th tha d
020 _a9748366359
040 _aNALT
041 _atha
050 _aJQ1745.A1 น131ก 2540
100 0 _aนครินทร์ เมฆไตรรัตน์, บรรณาธิการ
245 1 0 _aการปฏิวัติสยาม พ.ศ.2475 [2nd]
260 3 _aกรุงเทพฯ :
_bอมรินทร์วิชาการ,
_c2540
300 _a375 หน้า ;
_b 25 ซม.
650 0 4 _aไทย -- การเมืองและการปกครอง -- กรุงรัตนโกสินทร์, 2475--
650 0 4 _aไทย -- ประวัติศาสตร์ -- กรุงรัตนโกสินทร์สมัยประชาธิปไตย, 2475--
650 0 4 _aการปฏิวัติสยาม -- 2475
850 _aNALT
856 4 0 _uhttps://hdl.handle.net/20.500.14156/336620
_71
942 _cGB
_2lcc
_09
998 _j111
_k นางสาวพจพิณ พรมเอี่ยม